Pharmaceutical technology: (Record no. 193282)

MARC details
000 -LEADER
fixed length control field 00646nam a22001817a 4500
005 - DATE AND TIME OF LATEST TRANSACTION
control field 20231229163218.0
010 ## - LCCN (DPL NO)
LC control number ENG-135501
020 ## - INTERNATIONAL STANDARD BOOK NUMBER
Terms of availability 250.00
International Standard Book Number 9789352301416
035 ## - SYSTEM CONTROL NUMBER
System control number EN-119033
037 ## - SOURCE OF ACQUISITION
Source of stock number/acquisition DBAD/PUB
082 ## - DEWEY DECIMAL CLASSIFICATION NUMBER
Classification number 615.19005
100 ## - MAIN ENTRY--PERSONAL NAME
Personal name talegaonkar, sushama
245 ## - TITLE STATEMENT
Title Pharmaceutical technology:
Remainder of title A practical manual/
Statement of responsibility, etc By sushama talegaonkar
260 ## - PUBLICATION, DISTRIBUTION, ETC. (IMPRINT)
Place of publication, distribution, etc hyderabad
Name of publisher, distributor, etc pharmamed press
Date of publication, distribution, etc 2017
270 ## - ADDRESS
Address 4-4-309/316, giriraj lane, sultan bazaar
City hyderabad
Postal code 500095
Telephone number 040-23445605
Fax number 91+40-23445611
Electronic mail address info@pharmamedpress.com
300 ## - PHYSICAL DESCRIPTION
Extent 211p.
Dimensions 24cm(pbk)
Other physical details test paper
942 ## - ADDED ENTRY ELEMENTS (KOHA)
Source of classification or shelving scheme Dewey Decimal Classification
Item type English Books
Call number suffix TAL
Classification part 615.19005
Holdings
Withdrawn status Lost status Not for loan Collection code Home library Current library Date acquired Source of acquisition Cost, normal purchase price Full call number Barcode Copy number Cost, replacement price Koha item type
      Non-fiction Ashok Vihar Ashok Vihar 19/10/2022 DBAD/PUB 250.00 615.19005 TAL EN-119033 1 250.00 English Books

© Delhi Public Library
Hit Counter
free hit counter